<?xml version="1.0" encoding="UTF-8"?>
<marc:record xmlns:marc="http://www.loc.gov/MARC21/slim">
   <marc:leader>00000nam a2200000 a 4500</marc:leader>
   <marc:datafield ind1="1" ind2=" " tag="100">
      <marc:subfield code="a">Braune, Tanja</marc:subfield>
      <marc:subfield code="4">aut</marc:subfield>
      <marc:subfield code="e">Verfasser/-in</marc:subfield>
   </marc:datafield>
   <marc:datafield ind1=" " ind2=" " tag="653">
      <marc:subfield code="a">Beauty-Elixier</marc:subfield>
   </marc:datafield>
   <marc:datafield ind1=" " ind2=" " tag="653">
      <marc:subfield code="a">Götterkorn</marc:subfield>
   </marc:datafield>
   <marc:datafield ind1=" " ind2=" " tag="653">
      <marc:subfield code="a">hochwertiges Eiweiß</marc:subfield>
   </marc:datafield>
   <marc:datafield ind1=" " ind2=" " tag="653">
      <marc:subfield code="a">Powernahrung</marc:subfield>
   </marc:datafield>
   <marc:datafield ind1=" " ind2=" " tag="653">
      <marc:subfield code="a">Vitalstoffe</marc:subfield>
   </marc:datafield>
   <marc:datafield ind1=" " ind2=" " tag="653">
      <marc:subfield code="a">Superfood</marc:subfield>
   </marc:datafield>
   <marc:datafield ind1=" " ind2=" " tag="653">
      <marc:subfield code="a">glutenfrei</marc:subfield>
   </marc:datafield>
   <marc:datafield ind1=" " ind2=" " tag="653">
      <marc:subfield code="a">Chia- Samen</marc:subfield>
   </marc:datafield>
   <marc:datafield ind1=" " ind2=" " tag="653">
      <marc:subfield code="a">Softcover / Ratgeber/Gesundheit/Ernährung</marc:subfield>
   </marc:datafield>
   <marc:datafield ind1=" " ind2=" " tag="653">
      <marc:subfield code="a">Kochbuch</marc:subfield>
   </marc:datafield>
   <marc:datafield ind1="0" ind2="0" tag="245">
      <marc:subfield code="a">Das Chia-Kochbuch</marc:subfield>
   </marc:datafield>
   <marc:datafield ind1="0" ind2="0" tag="245">
      <marc:subfield code="b">100 Rezepte mit dem Superfood</marc:subfield>
   </marc:datafield>
   <marc:datafield ind1="0" ind2="0" tag="245">
      <marc:subfield code="c">Tanja Braune</marc:subfield>
   </marc:datafield>
   <marc:datafield ind1=" " ind2="1" tag="264">
      <marc:subfield code="a">Wien</marc:subfield>
      <marc:subfield code="b">Kneipp Verlag</marc:subfield>
   </marc:datafield>
   <marc:datafield ind1=" " ind2=" " tag="250">
      <marc:subfield code="a">1. Auflage</marc:subfield>
   </marc:datafield>
   <marc:datafield ind1="1" ind2=" " tag="520">
      <marc:subfield code="a">Angaben aus der Verlagsmeldung

Das Chia-Kochbuch : 100 Rezepte mit dem Superfood / von Tanja Braune

CHIA – DAS ALLROUND-SUPERFOOD Was die Azteken jahrhundertelang als Kraftquelle verwendeten, erweist sich heute als extrem vitalstoff- und vitaminreiche Supernahrung. Chia-Samen enthalten weit mehr Omega-3-Fettsäuren als Lachs, liefern alle lebenswichtigen Aminosäuren, sind vollgepackt mit Anti-oxidanzien und Mineralstoffen – und gelten ganz zu Recht als das Superfood schlechthin. Denn schon ein Esslöffel Chia gibt Drinks den ultimativen Energiekick, bringt hochwertiges Eiweiß in Salate, Suppen &amp; Co. und macht – ins Müsli gemischt – den Tagesbeginn vitaler. Zudem sind die kleinen Samen glutenfrei, können als Ei-Ersatz in der veganen Ernährung verwendet werden und machen quasi jede Flüssigkeit im Nu zum gesunden Pudding. „Das Chia-Kochbuch“ ist ein praktischer Ratgeber, der von der Geschichte der Azteken-Samen erzählt und verrät, was diese wirklich so gesund macht. Und natürlich gibt es auch jede Menge Rezepte für Drinks, Süßes und Deftiges sowie Tipps, wie Chia-Samen auch die Schönheit unterstützen können. Aus dem Inhalt: - Das große Comeback: Vom aztekischen Götterkorn zum trendigen Superfood - Chia als Beauty-Elixier - Von Tee bis Smoothie: Chia zum Trinken - Köstliches aus der herzhaften Chia-Küche - Gesunde Sünden: Desserts &amp; Süßes mit Chia
</marc:subfield>
   </marc:datafield>
   <marc:datafield ind1=" " ind2=" " tag="020">
      <marc:subfield code="a">9783708806617</marc:subfield>
      <marc:subfield code="9">9783708806617</marc:subfield>
   </marc:datafield>
   <marc:datafield ind1=" " ind2=" " tag="041">
      <marc:subfield code="a">ger</marc:subfield>
   </marc:datafield>
   <marc:datafield ind1=" " ind2=" " tag="300">
      <marc:subfield code="a">127 Seiten</marc:subfield>
   </marc:datafield>
</marc:record>
